Responses for Show #2226 - Monday, April 18, 1994

Contestants

[<< previous game]

Dan Carmody, a law student from Baltimore, Maryland

Ruth Bargy, a writer from Randolph, New York

Kevin Moran, a book publishing executive from Astoria, New York (whose 1-day cash winnings total $13,000)

[next game >>]

Jeopardy! Round responses

SCIENCE
CHARLIE CHAPLIN FILMS
BUILDINGS
U.S.A.
THE FOURTH
BY THE NUMBERS
    $100 7
the marrow

Dan
    $100 2
Oscars

Kevin
    $100 11
a pyramid

Dan
    $100 1
Boston

Dan
    $100 17
Madison

Ruth
    $100 20
30

Kevin
    $200 9
amino acids

Kevin
    $200 8
Hong Kong

Kevin
    $200 12
a dome

Dan
    $200 3
Utah

Kevin
    $200 18
(Ruth: Who is Blitzen?)
(Kevin: Who is Donner?)
(Dan: Who is Blitzen?)
...
(Alex: On Dasher, on Dancer, on Prancer, on [*].)

Vixen

KevinRuthDan
Triple Stumper
    $200 24
13

Kevin
    $300 10
Newton

Dan
    $300 14
The Kid

Ruth
    $300 21
a mosque

Dan
    $300 4
Philadelphia

Dan
    $300 19
(Ruth: What is the Yellow River?)
(Dan: What is the Mekong?)

The Yangtze

RuthDan
Triple Stumper
    $300 26
(Ruth: What is 99?)
(Dan: What is 98?)

96

KevinRuthDan
    $400 13
uranium

Ruth
    $400 15
Buster Keaton

Kevin
    $400 22
a lodge

Kevin
    $400 5
Youngstown

Kevin
    $1,000 27
(Kevin: What is Malta?)

Corsica

Kevin
    $400 29
(Ruth: What's the [*] keys?)

88

Ruth
    $500 25
a transistor

Ruth
    $500 16
City Lights

Ruth
    $500 23
bicycles

Dan
    $500 6
New Mexico

Kevin
    $500 28
[NOTE: The category appeared in #1677, aired 1991-12-10, and only one clue was uncovered before time ran out.]

Henry IV

Dan
    $500 30
600

Kevin

Scores at the first commercial break (after clue 14):

Kevin Ruth Dan
$1,600 $700 $1,100

Scores at the end of the Jeopardy! Round:

Kevin Ruth Dan
$2,300 $1,400 $1,600

Double Jeopardy! Round responses

THE FRENCH REVOLUTION
CONTEMPORARY WOMEN
TREES
ARTISTS
RANCHES
PLAYWRIGHTS
    $200 7
the guillotine

Dan
    $200 3
Julia Child

Kevin
    $200 20
a bat

Dan
    $200 12
Oslo

Kevin
    $200 25
a dude ranch

Kevin
    $200 1
(Ruth: What is an obituary?)

an epitaph

KevinRuth
    $400 8
the Bastille

Kevin
    $400 16
Martina Navratilova

Ruth
    $400 21
Buddha

Ruth
    $400 13
St. Mark

Kevin
    $400 27
(Ruth: What is the LBJ ranch?)

the King Ranch

KevinRuth
    $400 2
(Henry) Fielding

Ruth
    $600 9
the Tuileries

Kevin
    $600 17
(Dan: Who is Maria Shriver?)

Eunice Shriver

RuthDan
    $600 22
the aspen

Ruth
    $600 14
Death

Dan
    $1,000 28
(Kevin: What is Colorado?)
(Alex: No, you had to go much further west, across the seas to [*]. [*].)

Hawaii

Kevin
    $600 4
Lillian Hellman

Ruth
    $800 10
(Jean-Paul) Marat

Kevin
    $800 18
Connie Chung

Dan
    $800 23
[ERRATUM: "Scientifically" was misspelled in the clue as shown.]

the mango tree

Ruth
    $800 15
New York

Ruth
    $800 29
the Cadillac Ranch

Kevin
    $800 5
Strindberg

Kevin
    $1000 11
Robespierre

Dan
    $1000 19
Ann Richards

Kevin
    $1000 24
(Ruth: What is oak?)
(Kevin: What is a palm tree?)

an olive tree

KevinRuth
Triple Stumper
    $1,500 26
(Aubrey) Beardsley

Kevin
    $1000 30
The Virginian

Kevin
    $1000 6
Ben Jonson

Triple Stumper

Scores at the end of the Double Jeopardy! Round:

Kevin Ruth Dan
$8,800 $4,400 $3,800
(lock-tie game)

[wagering suggestions for these scores]

Final Jeopardy! Round responses

CHILDREN'S LITERATURE
DanWhat is The Velveteen Rabbit?
$3,800
RuthWhat is The Velveteen Rabbit?
$4,400
KevinWhat is Funny Bunny
$0
The Velveteen Rabbit

Final scores:

Kevin Ruth Dan
$8,800 $8,800 $7,600
2-day co-champion: $21,800 New co-champion: $8,800 2nd place: NEC notebook computer + Enviracaire portable air cleaner

Game dynamics:

Coryat scores:

Kevin Ruth Dan
$10,300 $4,400 $3,800
26 R
(including 1 DD),
4 W
(including 2 DDs)
14 R,
6 W
14 R,
4 W

Combined Coryat: $18,500

[game clues] [game scores] [suggest correction]

Game tape date: 1994-01-12
The J! Archive is created by fans, for fans. Scraping, republication, monetization, and malicious use prohibited; this site may use cookies and collect identifying information. See terms. The Jeopardy! game show and all elements thereof, including but not limited to copyright and trademark thereto, are the property of Jeopardy Productions, Inc. and are protected under law. This website is not affiliated with, sponsored by, or operated by Jeopardy Productions, Inc. Join the discussion at JBoard.tv.